[Event "26. Copenhagen Open  (Politiken Cup)"]
[Site "Taastrup"]
[Date "2004.07.29"]
[Round "7"]
[White "Jensen, Sren"]
[Black "Eddy, Samuel"]
[Result "0-1"]
[WhiteElo "1609"]
[BlackElo "2048"]
[PlyCount "62"]
[EventDate "2004.07.24"]
[EventType "swiss"]
[EventRounds "10"]
[EventCountry "DEN"]
[SourceDate "2004.01.01"]

1. Nf3 g6 2. g3 Bg7 3. Bg2 d6 4. O-O e5 5. d3 Nc6 6. c4 f5 7. Nc3 Nf6 8. Re1
O-O 9. e4 f4 10. Rb1 Nh5 11. b4 h6 12. b5 Ne7 13. Nh4 Qe8 14. Nd5 Nxd5 15. exd5
g5 16. Nf3 Qg6 17. Rf1 b6 18. Nd2 g4 19. Be4 Qg5 20. Nb3 Qf6 21. Bb2 f3 22. Kh1
Bf5 23. Nd2 Qg6 24. Bxf5 Rxf5 25. Ne4 Nf6 26. Bc1 Nxe4 27. dxe4 Rh5 28. h4 Qf6
29. Rb3 Rxh4+ 30. Kg1 Rh3 31. a4 Rf8 0-1

[Event "26. Copenhagen Open  (Politiken Cup)"]
[Site "Taastrup"]
[Date "2004.07.29"]
[Round "7"]
[White "Joensen, Hjalmar"]
[Black "Carlsen, Ellen Oen"]
[Result "1/2-1/2"]
[WhiteElo "1618"]
[BlackElo "1183"]
[PlyCount "48"]
[EventDate "2004.07.24"]
[EventType "swiss"]
[EventRounds "10"]
[EventCountry "DEN"]
[SourceDate "2004.01.01"]

1. d4 Nf6 2. Nf3 g6 3. c4 Bg7 4. Nc3 d5 5. e3 O-O 6. Qc2 c5 7. cxd5 Nxd5 8.
Nxd5 Qxd5 9. e4 Qc6 10. d5 Qc7 11. Bd2 e6 12. dxe6 Bxe6 13. Bc3 b6 14. Bxg7
Kxg7 15. Be2 Nc6 16. Qc3+ Kg8 17. O-O Rad8 18. a3 Nd4 19. Nxd4 Rxd4 20. f3 Rfd8
21. Rfd1 Qd6 22. Rxd4 cxd4 23. Qd3 f5 24. Rc1 Rc8 1/2-1/2

[Event "26. Copenhagen Open  (Politiken Cup)"]
[Site "Taastrup"]
[Date "2004.07.29"]
[Round "7"]
[White "Jorgensen, Mikkel"]
[Black "Jensen, Soren G"]
[Result "0-1"]
[WhiteElo "1680"]
[BlackElo "2090"]
[PlyCount "70"]
[EventDate "2004.07.24"]
[EventType "swiss"]
[EventRounds "10"]
[EventCountry "DEN"]
[SourceDate "2004.01.01"]

1. d4 Nf6 2. f3 d5 3. e4 e6 4. Be3 b6 5. Bb5+ c6 6. Bd3 Qc7 7. e5 Nfd7 8. c3
Ba6 9. Bc2 c5 10. Ne2 Nc6 11. a3 Rc8 12. Ba4 Na5 13. Qc1 Nc4 14. Bf4 Be7 15.
Nd2 O-O 16. h4 b5 17. Bd1 Qb6 18. Nxc4 dxc4 19. Be3 f6 20. f4 fxe5 21. fxe5 Bb7
22. Rh2 Rf7 23. Nf4 Bd5 24. Nxd5 exd5 25. Bg4 Qg6 26. Qd1 Rcf8 27. Bf3 Qg3+ 28.
Kd2 Qxh2 29. Bxd5 Nb6 30. Bxf7+ Rxf7 31. Qg4 Nd5 32. Qc8+ Bf8 33. Re1 Nxe3 34.
e6 Qxg2+ 35. Re2 Rf2 0-1

[Event "26. Copenhagen Open  (Politiken Cup)"]
[Site "Taastrup"]
[Date "2004.07.29"]
[Round "7"]
[White "Konstatinov, Maxim"]
[Black "Preuss, Flemming"]
[Result "0-1"]
[WhiteElo "1517"]
[BlackElo "2044"]
[PlyCount "30"]
[EventDate "2004.07.24"]
[EventType "swiss"]
[EventRounds "10"]
[EventCountry "DEN"]
[SourceDate "2004.01.01"]

1. e4 c5 2. Nf3 Nc6 3. d4 cxd4 4. Nxd4 Nf6 5. Nc3 g6 6. Be2 Bg7 7. Be3 O-O 8.
Qd2 d5 9. Nxd5 Nxe4 10. Qd3 Qxd5 11. Bf3 Qa5+ 12. c3 Nc5 13. Qd2 Nxd4 14. b4
Nxf3+ 15. gxf3 Qa3 0-1

[Event "26. Copenhagen Open  (Politiken Cup)"]
[Site "Taastrup"]
[Date "2004.07.29"]
[Round "7"]
[White "Kotiranta, Vinni"]
[Black "Lavrsen, Frands Winther"]
[Result "0-1"]
[WhiteElo "1150"]
[BlackElo "1772"]
[PlyCount "102"]
[EventDate "2004.07.24"]
[EventType "swiss"]
[EventRounds "10"]
[EventCountry "DEN"]
[SourceDate "2004.01.01"]

1. d4 c5 2. Nf3 d5 3. g3 Bg4 4. Ne5 Bf5 5. Bg2 e6 6. Nc3 Nc6 7. e4 dxe4 8. Nxc6
bxc6 9. Be3 Qb6 10. Na4 Qb4+ 11. c3 Qb5 12. Bf1 Qb7 13. g4 Bg6 14. h4 f5 15. h5
Bf7 16. Bf4 Nf6 17. Bh3 Nd5 18. Qd2 cxd4 19. gxf5 Bxh5 20. Bg2 Bf3 21. Bxf3
exf3 22. Qxd4 Qb5 23. O-O-O c5 24. Qe4 Qe2 25. Rhe1 Qxe4 26. Rxe4 Nxf4 27. Rxf4
g6 28. f6 Bh6 29. f7+ Ke7 30. Nxc5 Bxf4+ 31. Kc2 Rad8 32. Nd3 Bc7 33. b4 Rhf8
34. c4 Rxf7 35. a4 e5 36. Re1 Rf5 37. b5 Rd4 38. Kc3 Ba5+ 39. Nb4 Ke6 40. Kb3
h5 41. Nc6 Bxe1 42. Nxd4+ exd4 43. Kc2 Bxf2 44. a5 Be3 45. Kb3 f2 46. b6 axb6
47. axb6 Rf7 48. Kb4 f1=Q 49. Kc5 d3+ 50. Kc6 Qf4 51. b7 Qxc4# 0-1

[Event "26. Copenhagen Open  (Politiken Cup)"]
[Site "Taastrup"]
[Date "2004.07.29"]
[Round "7"]
[White "Laato, Antti"]
[Black "Bindzus, Niels"]
[Result "1-0"]
[WhiteElo "2210"]
[BlackElo "2011"]
[PlyCount "115"]
[EventDate "2004.07.24"]
[EventType "swiss"]
[EventRounds "10"]
[EventCountry "DEN"]
[SourceDate "2004.01.01"]

1. d4 Nf6 2. c4 g6 3. Nc3 Bg7 4. e4 d6 5. f4 c5 6. dxc5 Qa5 7. Bd3 Qxc5 8. Qe2
Nc6 9. Nf3 Bg4 10. Be3 Bxf3 11. gxf3 Qa5 12. O-O O-O 13. Rac1 Nd7 14. Rfd1 Nc5
15. Bb1 Rac8 16. Nd5 Rfe8 17. Kh1 Ne6 18. b4 Qa4 19. f5 Nc7 20. Bc2 Qxa2 21. f6
exf6 22. Ra1 Qb2 23. Rab1 Qe5 24. b5 Na5 25. b6 Nxd5 26. Rxd5 Qc3 27. bxa7 f5
28. Bd3 fxe4 29. Bd2 Qf6 30. fxe4 Nc6 31. Rxb7 Ra8 32. Be3 Qa1+ 33. Qf1 Qxf1+
34. Bxf1 Rxe4 35. Rxd6 Rxe3 36. Rxc6 Be5 37. Rb8+ Bxb8 38. Rc8+ Kg7 39. axb8=Q
Rxb8 40. Rxb8 Rc3 41. Re8 h5 42. Kg1 f5 43. Re6 Kf7 44. Rc6 h4 45. Kf2 g5 46.
h3 Kg7 47. Rd6 Rc2+ 48. Be2 g4 49. hxg4 fxg4 50. Rd4 g3+ 51. Ke3 Rc3+ 52. Bd3
Kf6 53. Rxh4 Kg5 54. Rh8 Kg4 55. Rg8+ Kh3 56. Kd4 Rc1 57. Be4 Rd1+ 58. Kc5 1-0

[Event "26. Copenhagen Open  (Politiken Cup)"]
[Site "Taastrup"]
[Date "2004.07.29"]
[Round "7"]
[White "Laato, Samuli"]
[Black "Henrichsen, Jens"]
[Result "0-1"]
[WhiteElo "1667"]
[BlackElo "2084"]
[PlyCount "68"]
[EventDate "2004.07.24"]
[EventType "swiss"]
[EventRounds "10"]
[EventCountry "DEN"]
[SourceDate "2004.01.01"]

1. e4 c5 2. Nf3 e6 3. d4 cxd4 4. Nxd4 Nf6 5. Nc3 d6 6. Bg5 a6 7. f4 Nbd7 8. Qd2
Qc7 9. Be2 Be7 10. O-O-O O-O 11. Bxf6 Nxf6 12. g4 b5 13. Bf3 Bb7 14. a3 Nd7 15.
h4 Rac8 16. h5 Nb6 17. Be2 d5 18. exd5 Nxd5 19. Nxd5 Bxd5 20. Rh2 b4 21. a4 b3
22. Bd3 bxc2 23. Bxc2 Qc4 24. Qd3 Qxd3 25. Rxd3 Bd6 26. Rf2 Rc4 27. b3 Rc7 28.
Kb2 Rfc8 29. Rdd2 Bb4 30. Rd1 Bc3+ 31. Kb1 Rb8 32. Ka2 Rb4 33. Ne2 Rxa4+ 34.
Kb1 Ra1# 0-1

[Event "26. Copenhagen Open  (Politiken Cup)"]
[Site "Taastrup"]
[Date "2004.07.29"]
[Round "7"]
[White "Laato, Tuomas"]
[Black "Larsen, Alex"]
[Result "1/2-1/2"]
[WhiteElo "1394"]
[BlackElo "1182"]
[PlyCount "64"]
[EventDate "2004.07.24"]
[EventType "swiss"]
[EventRounds "10"]
[EventCountry "DEN"]
[SourceDate "2004.01.01"]

1. e4 g6 2. Nf3 c6 3. Nc3 Bg7 4. d4 d5 5. e5 Bg4 6. h3 Bxf3 7. Qxf3 e6 8. g4
Qb6 9. Qf4 Nd7 10. g5 Ne7 11. Bd2 Nf5 12. Na4 Qxd4 13. Qxd4 Nxd4 14. Bd3 Bxe5
15. f4 Nf3+ 16. Ke2 Nd4+ 17. Ke3 Bg7 18. Bc3 c5 19. Nxc5 Nxc5 20. Bxd4 Bxd4+
21. Kxd4 Nxd3 22. cxd3 O-O 23. h4 f6 24. Rac1 fxg5 25. fxg5 b6 26. Rh2 Rf5 27.
Rc7 Rf7 28. Rc6 Re8 29. Re2 Rf4+ 30. Kc3 Rxh4 31. Rexe6 Rxe6 32. Rxe6 Rf4
1/2-1/2

[Event "26. Copenhagen Open  (Politiken Cup)"]
[Site "Taastrup"]
[Date "2004.07.29"]
[Round "7"]
[White "Larsen, Arne"]
[Black "Jensen, Leif"]
[Result "1-0"]
[WhiteElo "1823"]
[BlackElo "2057"]
[PlyCount "74"]
[EventDate "2004.07.24"]
[EventType "swiss"]
[EventRounds "10"]
[EventCountry "DEN"]
[SourceDate "2004.01.01"]

1. Nf3 d5 2. g3 c6 3. Bg2 Bf5 4. d3 Nf6 5. Nbd2 e6 6. O-O Be7 7. b3 O-O 8. Bb2
Nbd7 9. e3 Qc7 10. Qe2 Bg6 11. e4 dxe4 12. dxe4 e5 13. h3 Rfe8 14. Nh4 Bc5 15.
Kh1 Rad8 16. Nc4 b5 17. Ne3 Bxe4 18. Bxe4 Nxe4 19. Ng4 Ndf6 20. Rad1 Rxd1 21.
Nxf6+ Nxf6 22. Rxd1 Qc8 23. Kg2 Qe6 24. Nf3 e4 25. Ng5 Qf5 26. h4 Nd5 27. c4
bxc4 28. bxc4 Nf6 29. Bxf6 gxf6 30. Nh3 Kf8 31. Nf4 e3 32. f3 Bb6 33. a4 Qa5
34. Qd3 Qe5 35. Qxh7 Qb2+ 36. Kh3 e2 37. Rd7 e1=Q 1-0

[Event "26. Copenhagen Open  (Politiken Cup)"]
[Site "Taastrup"]
[Date "2004.07.29"]
[Round "7"]
[White "Lauritsen, Martin Lee"]
[Black "Lund-Petersen, Rasmus"]
[Result "1/2-1/2"]
[WhiteElo "2040"]
[BlackElo "1678"]
[PlyCount "104"]
[EventDate "2004.07.24"]
[EventType "swiss"]
[EventRounds "10"]
[EventCountry "DEN"]
[SourceDate "2004.01.01"]

1. e4 e5 2. Nf3 Nf6 3. Nxe5 d6 4. Nf3 Nxe4 5. d4 Nf6 6. Bd3 Be7 7. O-O O-O 8.
h3 d5 9. Re1 c5 10. c3 Nc6 11. Bf4 Bd6 12. Bxd6 Qxd6 13. dxc5 Qxc5 14. Qc2 Bd7
15. Nbd2 Rac8 16. Nb3 Qd6 17. a3 Rfe8 18. Nbd4 Ne5 19. Nxe5 Rxe5 20. Rxe5 Qxe5
21. Qd2 Re8 22. Nf3 Qd6 23. Rd1 Nh5 24. Re1 Rxe1+ 25. Qxe1 Nf4 26. Qe3 Nxd3 27.
Qxd3 Bc6 28. Nd4 Qe7 29. Kf1 g6 30. Qe2 Qxe2+ 31. Kxe2 Bd7 32. Kd3 f6 33. Nb3
Bc6 34. Kd4 b6 35. f4 Kf7 36. g4 Ke6 37. Nc1 Bb5 38. Nd3 Bxd3 39. Kxd3 h6 40.
h4 g5 41. fxg5 fxg5 42. hxg5 hxg5 43. Kd4 Kd6 44. a4 Ke6 45. b3 Kd6 46. c4 dxc4
47. bxc4 a6 48. Ke4 Ke6 49. Kd4 Kd6 50. Ke4 Ke6 51. Kd4 Kd6 52. Ke4 Ke6 1/2-1/2

[Event "26. Copenhagen Open  (Politiken Cup)"]
[Site "Taastrup"]
[Date "2004.07.29"]
[Round "7"]
[White "Laursen, Niels Norskov"]
[Black "Carlstedt, Jonathan"]
[Result "1-0"]
[WhiteElo "2097"]
[BlackElo "1774"]
[PlyCount "59"]
[EventDate "2004.07.24"]
[EventType "swiss"]
[EventRounds "10"]
[EventCountry "DEN"]
[SourceDate "2004.01.01"]

1. e4 c5 2. Nf3 d6 3. Bb5+ Bd7 4. Bxd7+ Nxd7 5. O-O Ngf6 6. Re1 g6 7. c3 Bg7 8.
d4 e6 9. Bf4 Qb6 10. Nbd2 Qa6 11. h3 b5 12. e5 dxe5 13. dxe5 Nd5 14. Bg5 O-O
15. a4 N5b6 16. Qe2 c4 17. Ne4 Nxa4 18. Nf6+ Nxf6 19. exf6 Bh8 20. Ne5 Qb7 21.
Ng4 Rfd8 22. Qe3 Rd3 23. Qf4 Rc8 24. Rxe6 h5 25. Nh6+ Kf8 26. Re7 Rd7 27. Rxf7+
Rxf7 28. Qd6+ Re7 29. fxe7+ Ke8 30. Qd8+ 1-0

[Event "26. Copenhagen Open  (Politiken Cup)"]
[Site "Taastrup"]
[Date "2004.07.29"]
[Round "7"]
[White "Lie, Terje"]
[Black "Stolberg Rohr, Thomine"]
[Result "0-1"]
[WhiteElo "1094"]
[BlackElo "2043"]
[PlyCount "108"]
[EventDate "2004.07.24"]
[EventType "swiss"]
[EventRounds "10"]
[EventCountry "DEN"]
[SourceDate "2004.01.01"]

1. d4 Nf6 2. c4 c5 3. d5 b5 4. e3 bxc4 5. Bxc4 d6 6. Nc3 g6 7. Nge2 Bg7 8. f3
O-O 9. O-O Nbd7 10. e4 Rb8 11. Rb1 Ne5 12. Bb3 Ba6 13. Be3 Ne8 14. Qd2 Bc4 15.
Ba4 Qa5 16. b3 Ba6 17. Rfd1 Nc7 18. Bg5 Bf6 19. Bxf6 exf6 20. Qf4 Kg7 21. h4 h6
22. g4 g5 23. hxg5 hxg5 24. Qg3 Rh8 25. f4 gxf4 26. Qxf4 Rh4 27. Bd7 Nxd7 28.
Qxd6 Ne5 29. g5 Rg4+ 30. Kf2 Rxg5 31. Rg1 Nd3+ 32. Ke3 Qb6 33. Qxb6 Rxb6 34.
Nf4 Nxf4 35. Kxf4 c4 36. e5 Rxg1 37. Rxg1+ Kf8 38. d6 Ne6+ 39. Kf5 fxe5 40.
Kxe5 cxb3 41. Nd5 Rb5 42. axb3 Bb7 43. Rd1 Ke8 44. b4 Kd7 45. Rd2 f6+ 46. Kxf6
Bxd5 47. Rd1 Be4 48. Rf1 Rxb4 49. Ke5 Bg6 50. Ra1 Rb7 51. Ra3 Bh7 52. Rf3 Rb5+
53. Kf6 a5 54. Re3 Rf5# 0-1

[Event "26. Copenhagen Open  (Politiken Cup)"]
[Site "Taastrup"]
[Date "2004.07.29"]
[Round "7"]
[White "Lovik, Lasse Ostebo"]
[Black "Ziska, Andrias"]
[Result "1-0"]
[WhiteElo "1267"]
[BlackElo "1804"]
[PlyCount "77"]
[EventDate "2004.07.24"]
[EventType "swiss"]
[EventRounds "10"]
[EventCountry "DEN"]
[SourceDate "2004.01.01"]

1. e4 c5 2. Nc3 Nc6 3. f4 d6 4. Bc4 Nf6 5. Nf3 e6 6. Qe2 Be7 7. d3 a6 8. e5
dxe5 9. fxe5 Nd5 10. Ne4 b5 11. Bxd5 exd5 12. Nd6+ Bxd6 13. exd6+ Be6 14. Bf4
O-O 15. O-O Qd7 16. Qf2 c4 17. Qg3 Kh8 18. Ne5 Nxe5 19. Bxe5 f6 20. Bd4 Rae8
21. Rf2 Bg8 22. Raf1 Re6 23. Rf5 Rxd6 24. Bc5 Rd8 25. Bxd6 Qxd6 26. Qxd6 Rxd6
27. dxc4 bxc4 28. Rd1 g5 29. b3 cxb3 30. axb3 Kg7 31. c4 Be6 32. Rf2 d4 33.
Rfd2 Rb6 34. Rxd4 Rxb3 35. c5 Rc3 36. Rd6 Bb3 37. R1d3 Rxd3 38. Rxd3 Ba4 39.
Rd6 1-0

[Event "26. Copenhagen Open  (Politiken Cup)"]
[Site "Taastrup"]
[Date "2004.07.29"]
[Round "7"]
[White "Lfstrand, Johannes"]
[Black "Schmied, Andreas"]
[Result "1/2-1/2"]
[WhiteElo "1856"]
[BlackElo "2106"]
[PlyCount "47"]
[EventDate "2004.07.24"]
[EventType "swiss"]
[EventRounds "10"]
[EventCountry "DEN"]
[SourceDate "2004.01.01"]

1. e4 c5 2. Nf3 Nc6 3. d4 cxd4 4. Nxd4 g6 5. Nc3 Bg7 6. Be3 Nf6 7. Bc4 Qa5 8.
O-O O-O 9. Kh1 d6 10. f4 Qb4 11. Bb3 Ng4 12. Nd5 Nxe3 13. Nxc6 bxc6 14. Nxb4
Nxd1 15. Raxd1 Bb7 16. c3 a5 17. Nc2 Ba6 18. Rfe1 Rfd8 19. Nd4 Rac8 20. Ba4 Bb7
21. Nb3 Ra8 22. e5 Kf8 23. Re2 Bh6 24. exd6 1/2-1/2

[Event "26. Copenhagen Open  (Politiken Cup)"]
[Site "Taastrup"]
[Date "2004.07.29"]
[Round "7"]
[White "Malmberg, Mio"]
[Black "Forsaa, Espen"]
[Result "0-1"]
[WhiteElo "2114"]
[BlackElo "2027"]
[PlyCount "64"]
[EventDate "2004.07.24"]
[EventType "swiss"]
[EventRounds "10"]
[EventCountry "DEN"]
[SourceDate "2004.01.01"]

1. d4 f5 2. g3 Nf6 3. Bg2 g6 4. c4 Bg7 5. Nc3 O-O 6. Qb3 Nc6 7. Nf3 d6 8. O-O
e5 9. c5+ Kh8 10. dxe5 dxe5 11. e4 Qe7 12. exf5 gxf5 13. Be3 Rb8 14. Ng5 e4 15.
Rfd1 Ne5 16. Bd4 Nc6 17. Be3 Ne5 18. Nd5 Nxd5 19. Qxd5 Ng4 20. Bf4 h6 21. Nh3
Bxb2 22. Qb3 Bxa1 23. Rxa1 Be6 24. Qc2 Kh7 25. Bc1 Ne5 26. Bf1 Rfd8 27. Nf4 Bd5
28. Bh3 Qf7 29. Bb2 Nf3+ 30. Kg2 Ng5 31. Bc1 e3+ 32. Kf1 e2+ 0-1

[Event "26. Copenhagen Open  (Politiken Cup)"]
[Site "Taastrup"]
[Date "2004.07.29"]
[Round "7"]
[White "Marcussen, Johnni A"]
[Black "Manley, Christian"]
[Result "0-1"]
[WhiteElo "1359"]
[BlackElo "1670"]
[PlyCount "78"]
[EventDate "2004.07.24"]
[EventType "swiss"]
[EventRounds "10"]
[EventCountry "DEN"]
[SourceDate "2004.01.01"]

1. e4 e6 2. d4 d5 3. Nc3 Bb4 4. e5 c5 5. a3 cxd4 6. axb4 dxc3 7. bxc3 Qc7 8.
Qd4 Nc6 9. Bb5 Nge7 10. Nf3 O-O 11. Bxc6 Nxc6 12. Qf4 a5 13. bxa5 Nxa5 14. Bd2
Bd7 15. O-O Nc4 16. Qd4 Ba4 17. Rfc1 Rfc8 18. Be1 Qe7 19. Ra2 Ra6 20. Rca1 b5
21. Nd2 Rac6 22. Nb3 Qg5 23. f4 Qg4 24. h3 Qe2 25. Qd1 Qe3+ 26. Bf2 Qxf4 27.
Nd4 R6c7 28. Qe2 Qd2 29. Qxd2 Nxd2 30. Ne2 Ne4 31. Bd4 g5 32. g4 Kg7 33. Kg2 f6
34. exf6+ Nxf6 35. Rf1 Rf7 36. Ng3 Kg6 37. Nh5 Ne4 38. h4 Rxf1 39. Kxf1 Nxc3
0-1

[Event "26. Copenhagen Open  (Politiken Cup)"]
[Site "Taastrup"]
[Date "2004.07.29"]
[Round "7"]
[White "Moberg, Jan Rune"]
[Black "Jorgensen, Gert"]
[Result "0-1"]
[WhiteElo "1525"]
[BlackElo "2087"]
[PlyCount "72"]
[EventDate "2004.07.24"]
[EventType "swiss"]
[EventRounds "10"]
[EventCountry "DEN"]
[SourceDate "2004.01.01"]

1. e4 d5 2. exd5 Qxd5 3. Nc3 Qa5 4. d4 c6 5. Bd2 Bf5 6. g4 Bg6 7. h4 h5 8. g5
e6 9. Bg2 Nd7 10. Nge2 Bb4 11. a3 Bxc3 12. Nxc3 Qb6 13. d5 cxd5 14. b3 Ne7 15.
Rh3 Nf5 16. Bxd5 exd5 17. Nxd5 Qc6 18. Qe2+ Kf8 19. Bb4+ Nc5 20. O-O-O Re8 21.
Qc4 b6 22. Rhd3 Nd6 23. Bxc5 bxc5 24. Qc3 Bxd3 25. Qxd3 c4 26. Qg3 Ne4 27. Qc7
Qxc7 28. Nxc7 Nxf2 29. Rd7 Re1+ 30. Kb2 Rd1 31. Nd5 g6 32. bxc4 Kg7 33. Rxa7
Rb8+ 34. Nb4 Rd4 35. Kc3 Rxh4 36. c5 Ne4+ 0-1

[Event "26. Copenhagen Open  (Politiken Cup)"]
[Site "Taastrup"]
[Date "2004.07.29"]
[Round "7"]
[White "Moller, Frederik Oest"]
[Black "Jensen, Mads"]
[Result "0-1"]
[WhiteElo "1832"]
[BlackElo "1277"]
[PlyCount "87"]
[EventDate "2004.07.24"]
[EventType "swiss"]
[EventRounds "10"]
[EventCountry "DEN"]
[SourceDate "2004.01.01"]

1. e4 e6 2. d4 d5 3. Nc3 Nf6 4. Bg5 Be7 5. e5 Nfd7 6. h4 h6 7. Bxe7 Qxe7 8.
Nce2 Qb4+ 9. c3 Qxb2 10. a4 c5 11. Rb1 Qa2 12. f4 f5 13. Nf3 Qc4 14. Nd2 Qa6
15. Ng3 c4 16. Qh5+ Ke7 17. Qd1 g6 18. Nf3 h5 19. Ne2 Nb6 20. Ra1 Bd7 21. a5
Nc8 22. Rh3 Nc6 23. Qb1 b6 24. axb6 Qxb6 25. Qc2 a5 26. Nd2 a4 27. Nc1 Ra5 28.
Rh2 Kf7 29. g3 N8a7 30. Nb1 Ra8 31. Na3 Kg7 32. Qa2 Qa6 33. Rb2 Nb5 34. Kd2
Ncxd4 35. Nxb5 Nxb5 36. Ne2 Qa7 37. Rd1 Be8 38. Rc2 a3 39. Ke1 Nc7 40. Nd4 Ba4
41. Qxa3 Bxc2 42. Qe7+ Kg8 43. Nxc2 Ra2 44. Nb4 0-1

[Event "26. Copenhagen Open  (Politiken Cup)"]
[Site "Taastrup"]
[Date "2004.07.29"]
[Round "7"]
[White "Mortensen, Jan T"]
[Black "Rohrmueller, Ulrich"]
[Result "0-1"]
[WhiteElo "2028"]
[BlackElo "2260"]
[PlyCount "86"]
[EventDate "2004.07.24"]
[EventType "swiss"]
[EventRounds "10"]
[EventCountry "DEN"]
[SourceDate "2004.01.01"]

1. e4 e6 2. d4 d5 3. exd5 exd5 4. Nf3 Bg4 5. Qe2+ Qe7 6. Be3 Nc6 7. Nbd2 O-O-O
8. c3 f6 9. b4 Qd7 10. Qb5 Kb8 11. Be2 a6 12. Qa4 Nxd4 13. Nxd4 Qxa4 14. Bxg4
h5 15. Bd1 Qd7 16. Bc2 Ne7 17. O-O g6 18. N2b3 Bh6 19. Nc5 Qc8 20. b5 axb5 21.
Rfb1 Bxe3 22. fxe3 Rd6 23. a4 Qg4 24. Rb4 Qg5 25. Rxb5 Qxe3+ 26. Kh1 Qxc3 27.
Rd1 b6 28. Na6+ Kb7 29. Rb3 Qxb3 30. Bxb3 Kxa6 31. Re1 Rh7 32. h3 c6 33. Ne6
Kb7 34. Bc2 Rxe6 35. Rxe6 Rf7 36. g4 hxg4 37. hxg4 Kc7 38. Re3 g5 39. Ra3 f5
40. gxf5 Nxf5 41. a5 bxa5 42. Rxa5 Kd6 43. Ra8 Ne3 0-1

[Event "26. Copenhagen Open  (Politiken Cup)"]
[Site "Taastrup"]
[Date "2004.07.29"]
[Round "7"]
[White "Mossin, Ivar Alexander"]
[Black "Eiholt, Bjarne"]
[Result "0-1"]
[WhiteElo "1000"]
[BlackElo "1542"]
[PlyCount "48"]
[EventDate "2004.07.24"]
[EventType "swiss"]
[EventRounds "10"]
[EventCountry "DEN"]
[SourceDate "2004.01.01"]

1. e4 c6 2. Nc3 d5 3. Nf3 Bg4 4. h3 Bh5 5. exd5 cxd5 6. Bb5+ Nc6 7. g4 Bg6 8.
Ne5 Rc8 9. d3 e6 10. h4 h5 11. Nxg6 fxg6 12. Qe2 Qd6 13. Bd2 a6 14. Bxc6+ Qxc6
15. O-O-O d4 16. Qe4 dxc3 17. Qxg6+ Kd8 18. Bxc3 Ne7 19. Qg5 Kd7 20. Rd2 Qxh1+
21. Rd1 Qd5 22. Qf4 hxg4 23. Qa4+ Nc6 24. Qxg4 Qf5 0-1

[Event "26. Copenhagen Open  (Politiken Cup)"]
[Site "Taastrup"]
[Date "2004.07.29"]
[Round "7"]
[White "Nielsen, Jens Holm"]
[Black "Aandal, Kristian"]
[Result "0-1"]
[WhiteElo "2068"]
[BlackElo "1927"]
[PlyCount "70"]
[EventDate "2004.07.24"]
[EventType "swiss"]
[EventRounds "10"]
[EventCountry "DEN"]
[SourceDate "2004.01.01"]

1. Nc3 c5 2. f4 Nc6 3. e4 g6 4. Nf3 Bg7 5. Bb5 Nd4 6. a4 a6 7. Bc4 e6 8. O-O
Ne7 9. Re1 O-O 10. Bf1 d5 11. d3 Rb8 12. Be3 b5 13. axb5 axb5 14. Bxd4 cxd4 15.
Ne2 dxe4 16. dxe4 d3 17. cxd3 Bxb2 18. Rb1 Bg7 19. Kh1 Qb6 20. Ng3 Rd8 21. Qb3
b4 22. Red1 Ba6 23. h4 Qe3 24. Qa4 Qxf4 25. Rxb4 Bxd3 26. Rxb8 Qxb8 27. Rxd3
Rxd3 28. Bxd3 Qxg3 29. Qe8+ Bf8 30. Qd7 Qf4 31. Qd8 Nc6 32. Qc8 Ne5 33. Nxe5
Qxe5 34. Qc1 Qg3 35. Qg5 Qxd3 0-1

[Event "26. Copenhagen Open  (Politiken Cup)"]
[Site "Taastrup"]
[Date "2004.07.29"]
[Round "7"]
[White "Nielsen, Max"]
[Black "Nielsen, Borge Hjerrild"]
[Result "1-0"]
[WhiteElo "2259"]
[BlackElo "2097"]
[PlyCount "125"]
[EventDate "2004.07.24"]
[EventType "swiss"]
[EventRounds "10"]
[EventCountry "DEN"]
[SourceDate "2004.01.01"]

1. e4 c6 2. d4 d5 3. e5 Bf5 4. Nc3 e6 5. g4 Bg6 6. Nge2 c5 7. h4 h5 8. Nf4 Bh7
9. Nxh5 Nc6 10. Be3 cxd4 11. Bxd4 Bxc2 12. Qxc2 Nxd4 13. Qa4+ Nc6 14. O-O-O Qb6
15. f4 O-O-O 16. Rh3 g6 17. Ng3 Qb4 18. Qxb4 Bxb4 19. Bd3 Bxc3 20. bxc3 Nh6 21.
Be2 Kc7 22. Nf1 Ng8 23. Nd2 g5 24. fxg5 Nxe5 25. Re3 Nc6 26. h5 Nge7 27. Rf1
Rdf8 28. Ref3 Ne5 29. R3f2 Rfg8 30. Rxf7 Nxf7 31. Rxf7 Kd6 32. g6 b6 33. Nf3
Nxg6 34. hxg6 Rxg6 35. g5 e5 36. Rxa7 e4 37. Nd4 Rxg5 38. Rb7 Rc8 39. Rxb6+ Ke5
40. Kd2 Ra8 41. Ra6 Rxa6 42. Bxa6 Rg2+ 43. Ne2 Kd6 44. a4 Rg8 45. Ke3 Kc5 46.
Bb5 Rh8 47. Ba6 Ra8 48. Bb5 Rh8 49. Kd2 Rh2 50. Kc2 Kb6 51. Kb3 Rh1 52. Nd4
Rb1+ 53. Kc2 Rh1 54. Kd2 Rh2+ 55. Ne2 Kc5 56. Ba6 Rh6 57. Bb5 Rh2 58. Kc2 Rh1
59. Kb2 Kb6 60. Nd4 Rg1 61. Bc6 Rg6 62. Bxd5 e3 63. Kc2 1-0

[Event "26. Copenhagen Open  (Politiken Cup)"]
[Site "Taastrup"]
[Date "2004.07.29"]
[Round "7"]
[White "Nilssen, John Arni"]
[Black "Borchgrevink, Harald"]
[Result "1-0"]
[WhiteElo "2414"]
[BlackElo "2227"]
[PlyCount "147"]
[EventDate "2004.07.24"]
[EventType "swiss"]
[EventRounds "10"]
[EventCountry "DEN"]
[SourceDate "2004.01.01"]

1. d4 d5 2. c4 e6 3. Nf3 c6 4. Qc2 dxc4 5. Qxc4 b5 6. Qb3 Nf6 7. g3 Be7 8. Bg2
O-O 9. O-O Bb7 10. a4 b4 11. Rd1 Nbd7 12. Ne5 Qc8 13. Bg5 Rd8 14. Nd2 c5 15.
Nxd7 Rxd7 16. Bxf6 gxf6 17. dxc5 Bxg2 18. Kxg2 Qb7+ 19. Qf3 Qxf3+ 20. Nxf3 Rc7
21. Rac1 Bxc5 22. Ne1 Rac8 23. Nd3 Kf8 24. Kf3 Ke7 25. Rc4 Bd6 26. Rh4 Rc4 27.
Rxc4 Rxc4 28. Rc1 Rxc1 29. Nxc1 f5 30. Nd3 a5 31. e4 Kf6 32. Ke3 e5 33. f3 h5
34. h3 Ke6 35. exf5+ Kxf5 36. g4+ hxg4 37. hxg4+ Ke6 38. Ke4 f6 39. Nc1 Bc7 40.
Nb3 Bb6 41. Nd2 Bd8 42. Nc4 Bc7 43. Ne3 Bb6 44. Nd5 Bd4 45. b3 Bg1 46. f4 exf4
47. Nxf4+ Kd6 48. Kf5 Be3 49. Ng2 Bd4 50. Ke4 Bg1 51. Ne1 Bf2 52. Nf3 Bb6 53.
Nd2 Bd8 54. Kf5 Ke7 55. Ne4 Kf7 56. Ng3 Bb6 57. Nh5 Bd8 58. Nf4 Bc7 59. Ne6 Bb6
60. g5 fxg5 61. Nxg5+ Ke7 62. Ke5 Kd7 63. Kd5 Bg1 64. Ne6 Bf2 65. Nc5+ Kc7 66.
Ne4 Bg1 67. Nd6 Kb6 68. Nc4+ Ka6 69. Kc6 Bh2 70. Nd2 Bg1 71. Ne4 Bb6 72. Nc5+
Ka7 73. Kb5 Bd8 74. Ne4 1-0

[Event "26. Copenhagen Open  (Politiken Cup)"]
[Site "Taastrup"]
[Date "2004.07.29"]
[Round "7"]
[White "Norton, Craig"]
[Black "Asberg, Anders"]
[Result "1/2-1/2"]
[WhiteElo "2108"]
[BlackElo "1886"]
[PlyCount "107"]
[EventDate "2004.07.24"]
[EventType "swiss"]
[EventRounds "10"]
[EventCountry "DEN"]
[SourceDate "2004.01.01"]

1. d4 d5 2. Nf3 Nf6 3. Bf4 g6 4. e3 Bg7 5. Nc3 c6 6. Be2 O-O 7. h4 Bg4 8. Ne5
Bxe2 9. Qxe2 Nbd7 10. O-O-O Rc8 11. h5 Nxe5 12. dxe5 Nd7 13. hxg6 fxg6 14. e6
Nc5 15. Qg4 Qa5 16. Rxh7 Kxh7 17. Rh1+ Kg8 18. Qxg6 Rf6 19. Qh7+ Kf8 20. Bh6
Nxe6 21. Bxg7+ Nxg7 22. Qh8+ Kf7 23. Qxc8 d4 24. Ne4 dxe3 25. fxe3 Rf5 26. Qxb7
Qd5 27. Qb3 Re5 28. Rf1+ Kg6 29. Qxd5 cxd5 30. Nc3 Nf5 31. e4 dxe4 32. Rf4 Nd6
33. b3 e3 34. Kd1 Kg5 35. Ne2 Nf5 36. c4 Ra5 37. a4 Ra6 38. c5 Rh6 39. Rc4 Rh1+
40. Kc2 Re1 41. Nd4 Nxd4+ 42. Rxd4 Kf5 43. g4+ Ke5 44. Rd1 Re2+ 45. Kd3 Rb2 46.
Kxe3 Rxb3+ 47. Rd3 Rb4 48. g5 Rc4 49. Rd7 Rc3+ 50. Kd2 Rxc5 51. Rxe7+ Kd6 52.
Rg7 Ra5 53. Rg8 Ke6 54. Kc3 1/2-1/2